00517cam a2200181 a 450000500170000000800410001701000140005802000260007203500130009803700130011104000080012408200100013210000200014224500740016226000440023630000320028050000230031220090924191526.0060803s2007 njua b 001 0 eng  aENG-95647 a9788120337152c250.00 aEN-79180 aDBAD/PUB aDPL a338.5 aChauhan, S.P.S. aMicroeconomics :cby S.P.S. Chauhanbtheory and applications, part II aNew Delhi :bPHI Learning P. Ltd.c2009 aviii, 284p. :c24 cm. (Pbk) aIncludes indexes.